000 00699nam a22001937a 4500
999 _c166074
_d166074
005 20190712120423.0
010 _aENG-125887
020 _a9789353166885
_c850.00
035 _aEN-109419
037 _bDBAD/PUB
082 _a513.93
100 _aTulsian, PC
245 _aTulsian business mathematics, logical reasoning and statistics for paper 3; CA foundation course /
_cby PC Tulsian [and] Bharat Tulsian
260 _aChennai
_bMC Graw-Hill Education
_c2019
270 _a444/1, Sri Ekambara Naicker Industrial Estate, Alapakkam, Porur
_bTamil Nadu, Chennai
_e600116
300 _avarious paging
_c23cm(pbk)
700 _aTulsian, Bharat
942 _2ddc
_cEN
_h513.93
_mTUL